Effect of acrylamide on the tongue musculature of adult male albino rat and the possible protective role of Vitamin E : (رقم التسجيلة. 72659)

تفاصيل مارك
000 -LEADER
fixed length control field 02190cam a2200349 a 4500
003 - CONTROL NUMBER IDENTIFIER
control field EG-GiCUC
005 - DATE AND TIME OF LATEST TRANSACTION
control field 20250223032322.0
008 - FIXED-LENGTH DATA ELEMENTS--GENERAL INFORMATION
fixed length control field 190704s2018 ua h f m 000 0 eng d
040 ## - CATALOGING SOURCE
Original cataloging agency EG-GiCUC
Language of cataloging eng
Transcribing agency EG-GiCUC
041 0# - LANGUAGE CODE
Language code of text/sound track or separate title eng
049 ## - LOCAL HOLDINGS (OCLC)
Holding library Deposite
097 ## - Thesis Degree
Thesis Level M.Sc
099 ## - LOCAL FREE-TEXT CALL NUMBER (OCLC)
Classification number Cai01.11.02.M.Sc.2018.Em.E
100 0# - MAIN ENTRY--PERSONAL NAME
Personal name Eman Abdelmoaty Mahmoud Mohamed
245 10 - TITLE STATEMENT
Title Effect of acrylamide on the tongue musculature of adult male albino rat and the possible protective role of Vitamin E :
Remainder of title Light and electron microscopic study /
Statement of responsibility, etc. Eman Abdelmoaty Mahmoud Mohamed ; Supervised Nabila Yousef Abdelhalim , Mogeda Mahdy Nasralla , Mohamed Mahmoud Sofii
246 15 - VARYING FORM OF TITLE
Title proper/short title تأثير عقار الأكريلاميد على عضلية لسان ذكر الفأر الأبيض البالغ و الدور الوقائى المحتمل لفيتامين هـ :
Remainder of title دراسة بالمجهرين الضوئى و الإلكتروني
260 ## - PUBLICATION, DISTRIBUTION, ETC.
Place of publication, distribution, etc. Cairo :
Name of publisher, distributor, etc. Eman Abdelmoaty Mahmoud Mohamed ,
Date of publication, distribution, etc. 2018
300 ## - PHYSICAL DESCRIPTION
Extent 115 P. :
Other physical details facsimiles ;
Dimensions 25cm
502 ## - DISSERTATION NOTE
Dissertation note Thesis (M.Sc.) - Cairo University - Faculty of Medicine - Department of Anatomy
520 ## - SUMMARY, ETC.
Summary, etc. Acrylamide is a potent toxin and carcinogen, its hazards result from its increased accumulation in the process of cooking food materials. Acrylamide is a small organic molecule with very high water solubility. These properties facilitate its rapid absorption and distribution through body. This study aimed to demonstrate the effects of acrylamide on the skeletal muscle {uFB01}bers of adult male albino rat tongue for two different durations, short duration (twenty days) and long duration (forty days) using light and electron microscopic study and to investigate the possible protective effect of vitamin E co-administration
530 ## - ADDITIONAL PHYSICAL FORM AVAILABLE NOTE
Additional physical form available note Issued also as CD
653 #4 - INDEX TERM--UNCONTROLLED
Uncontrolled term Acrylamide
653 #4 - INDEX TERM--UNCONTROLLED
Uncontrolled term Skeletal muscles
653 #4 - INDEX TERM--UNCONTROLLED
Uncontrolled term Tongue
700 0# - ADDED ENTRY--PERSONAL NAME
Personal name Mogeda Mahdy Nasralla ,
Relator term
700 0# - ADDED ENTRY--PERSONAL NAME
Personal name Mohamed Mahmoud Sofii ,
Relator term
700 0# - ADDED ENTRY--PERSONAL NAME
Personal name Nabila Yousef Abdelhalim ,
Relator term
856 ## - ELECTRONIC LOCATION AND ACCESS
Uniform Resource Identifier <a href="http://172.23.153.220/th.pdf">http://172.23.153.220/th.pdf</a>
905 ## - LOCAL DATA ELEMENT E, LDE (RLIN)
Cataloger Asmaa
Reviser Cataloger
905 ## - LOCAL DATA ELEMENT E, LDE (RLIN)
Cataloger Nazla
Reviser Revisor
942 ## - ADDED ENTRY ELEMENTS (KOHA)
Source of classification or shelving scheme Dewey Decimal Classification
Koha item type Thesis
المقتنيات
Source of classification or shelving scheme Not for loan Home library Current library Date acquired Full call number Barcode Date last seen Koha item type Copy number
Dewey Decimal Classification   المكتبة المركزبة الجديدة - جامعة القاهرة قاعة الرسائل الجامعية - الدور الاول 11.02.2024 Cai01.11.02.M.Sc.2018.Em.E 01010110078542000 22.09.2023 Thesis  
Dewey Decimal Classification   المكتبة المركزبة الجديدة - جامعة القاهرة مخـــزن الرســائل الجـــامعية - البدروم 11.02.2024 Cai01.11.02.M.Sc.2018.Em.E 01020110078542000 22.09.2023 CD - Rom 78542.CD
Cairo University Libraries Portal Implemented & Customized by: Eng. M. Mohamady Contacts: new-lib@cl.cu.edu.eg | cnul@cl.cu.edu.eg
CUCL logo CNUL logo
© All rights reserved — Cairo University Libraries
CUCL logo
Implemented & Customized by: Eng. M. Mohamady Contact: new-lib@cl.cu.edu.eg © All rights reserved — New Central Library
CNUL logo
Implemented & Customized by: Eng. M. Mohamady Contact: cnul@cl.cu.edu.eg © All rights reserved — Cairo National University Library